Stranger Things Characters By Picture-Harder - Statistics

General Stats
  • This quiz has been taken 140 times
  • The average score is 9 of 12
Answer Stats
Picture Answer % Correct
Suzie Bingham
97%
Alexei
86%
Argyle
86%
Kali/Eight
84%
Jason Carver
82%
Yuri
81%
Sam Owens
74%
Terry Ives
74%
Enzo
73%
Fred Benson
68%
Keith
50%
Kelley
14%
No matching quizzes found
Score Distribution
Percent of People with Each Score
Percentile by Number Answered
Your Score History
You have not taken this quiz